Birthplaces of English Players (World Cup 1966) - Statistics

General Stats
  • This quiz has been taken 6 times
  • The average score is 10 of 23
Answer Stats
Question Answer % Correct
Geoff Hurst Ashton-under-Lyne
100%
Ian Callahan Liverpool
100%
George Cohen London
100%
Jimmy Greaves London
100%
Peter Bonetti London
100%
Nobby Stiles Manchester
100%
Jack Charlton Ashington
50%
Bobby Charlton Ashington
50%
Ron Flowers Doncaster
50%
Gerry Byrne Liverpool
50%
Martin Peters London
50%
Coach: Alf Ramsey London
50%
Ray Wilson Shirebrook
50%
George Eastham Blackpool
0%
Jimmy Armfield Denton
0%
Norman Hunter Eighton Banks
0%
Alan Ball Farnworth
0%
Roger Hunt Glazebury
0%
Bobby Moore London
0%
Ron Springett London
0%
Gordon Banks Sheffield
0%
John Connelly St Helens
0%
Terry Paine Winchester
0%
No matching quizzes found
Score Distribution
Percent of People with Each Score
Percentile by Number Answered
Your Score History
You have not taken this quiz